Kraków - linia autobusowa nr 155 - Statystyki

Ogólne statystyki
  • Ten quiz został rozwiązany 7 razy
  • Średni wynik to 15 z 23
Statystyki odpowiedzi
Hint Odpowiedź % Poprawnych
Pętla Swoszowice SKA
100%
11. Kurdwanów P+R
83%
2. Park Zdrojowy
83%
Pętla Podgórze SKA
83%
20. Bonarka
67%
10 Bujaka
67%
19. Kamieńskiego
67%
21. Kamieńskiego Wiadukt
67%
18. Makowa
67%
17. Malborska
67%
15. Malborska Szkoła
67%
13. Nowosądecka
67%
16. Sułkowskiego
67%
8. Swoszowice Autostrada
67%
1. Wilga
67%
12. Witosa
67%
3. Merkuriusza Polskiego
50%
4. Swoszowice Poczta
50%
6. Swoszowice Szkoła
50%
14. Wola Duchacka
50%
9. Myślenicka
33%
5. Sawiczewskich
33%
7. Warszewicza
33%
Nie znaleziono quizów pasujących do podanych kryteriów
Rozkład punktacji
Procent ludzi z każdym wynikiem
Percentyl według liczby udzielonych odpowiedzi
Twoja historia wyników
Nie rozwiązałeś tego quizu